| 000 | 01575nam a22004457a 4500 | ||
|---|---|---|---|
| 003 | OSt | ||
| 005 | 20230427102431.0 | ||
| 008 | 221006b |||||||| |||| 00| 0 eng d | ||
| 040 | _cBiblioteca Lado V | ||
| 082 |
_a700 _bC971s |
||
| 100 |
_9620 _aPerot, Jacques _eeditor |
||
| 245 |
_aCahiers d'etude/ _bStudy Series/ |
||
| 260 |
_bInternational Council of Museums _aParis _c2003 |
||
| 300 |
_c21x30cm _a32p. |
||
| 366 | _efre | ||
| 490 |
_a11 _v2003 _x1020-5543 |
||
| 505 | _tPreface | ||
| 505 | _tEditorial | ||
| 505 | _tA Global is just another Tool | ||
| 505 | _tEmerging Stenghts | ||
| 505 | _tUniversity Museums | ||
| 505 | _tLe musee de Science | ||
| 505 | _tThe History of Science | ||
| 505 | _tThe uNIVERSITY mUSEUM | ||
| 505 | _tAsociacion de Museos y Colecciones | ||
| 505 | _tOutreach | ||
| 505 | _tDesperately Seeking | ||
| 505 | _tChallenges for University Museums | ||
| 505 | _tEuropean Cooperation in the Protection and Promotion of the University Geritage | ||
| 650 |
_2Tesauro de Arte & Arquitectura _aARTE _9703 |
||
| 650 |
_2Tesauro de Arte & Arquitectura _aEXPOSICIONES |
||
| 650 |
_2Tesauro de Arte & Arquitectura _aCULTURA |
||
| 650 |
_2Tesauro de Arte & Arquitectura _aAPRECIACION |
||
| 650 |
_2Tesauro de Arte & Arquitectura _aTEORIA |
||
| 650 |
_2Tesauro de Arte & Arquitectura _aVIDEO |
||
| 650 |
_2Tesauro de Arte & Arquitectura _aMUSICA _9702 |
||
| 650 |
_2Tesauro de Arte & Arquitectura _aLITERATURA |
||
| 650 |
_2Tesauro de Arte & Arquitectura _aFRANCIA |
||
| 942 |
_2ddc _c1 _h700 _iP453c _n0 |
||
| 999 |
_c3482 _d3482 |
||